<?xml version="1.0" encoding="UTF-8"?>
<record
    xmlns:xsi="http://www.w3.org/2001/XMLSchema-instance"
    xsi:schemaLocation="http://www.loc.gov/MARC21/slim http://www.loc.gov/standards/marcxml/schema/MARC21slim.xsd"
    xmlns="http://www.loc.gov/MARC21/slim">

  <leader>03649cam a2200421 i 4500</leader>
  <controlfield tag="001">22343631</controlfield>
  <controlfield tag="003">CSPC</controlfield>
  <controlfield tag="005">20260328142035.0</controlfield>
  <controlfield tag="008">211210s2023    at a          001 0 eng  </controlfield>
  <datafield tag="010" ind1=" " ind2=" ">
    <subfield code="a">  2021952471</subfield>
  </datafield>
  <datafield tag="020" ind1=" " ind2=" ">
    <subfield code="a">9780357618301</subfield>
  </datafield>
  <datafield tag="035" ind1=" " ind2=" ">
    <subfield code="a">22343631</subfield>
  </datafield>
  <datafield tag="040" ind1=" " ind2=" ">
    <subfield code="a">DLC</subfield>
    <subfield code="b">eng</subfield>
    <subfield code="e">rda</subfield>
    <subfield code="c">DLC</subfield>
    <subfield code="d">CSPC</subfield>
  </datafield>
  <datafield tag="042" ind1=" " ind2=" ">
    <subfield code="a">pcc</subfield>
  </datafield>
  <datafield tag="050" ind1="0" ind2="0">
    <subfield code="a">RM300</subfield>
    <subfield code="b">.W67 2023</subfield>
  </datafield>
  <datafield tag="082" ind1="0" ind2="0">
    <subfield code="a">615.1076</subfield>
    <subfield code="b">C671e</subfield>
    <subfield code="2">23/eng/20240130</subfield>
  </datafield>
  <datafield tag="100" ind1="1" ind2=" ">
    <subfield code="a">Colbert, Bruce J.,</subfield>
    <subfield code="e">author.</subfield>
  </datafield>
  <datafield tag="245" ind1="1" ind2="0">
    <subfield code="a">Essentials of pharmacology for health professions /</subfield>
    <subfield code="c">Bruce J. Colbert, Adam J. James, PharmD, and Elizabeth D. Katrancha.</subfield>
  </datafield>
  <datafield tag="250" ind1=" " ind2=" ">
    <subfield code="a">9th edition.</subfield>
  </datafield>
  <datafield tag="264" ind1=" " ind2="1">
    <subfield code="a">Boston, Massachusetts :</subfield>
    <subfield code="b">Cengage,</subfield>
    <subfield code="c">2023.</subfield>
  </datafield>
  <datafield tag="300" ind1=" " ind2=" ">
    <subfield code="a">xix, 650 pages :</subfield>
    <subfield code="b">color illustrations ;</subfield>
    <subfield code="c">28 cm.</subfield>
  </datafield>
  <datafield tag="336" ind1=" " ind2=" ">
    <subfield code="a">text</subfield>
    <subfield code="b">txt</subfield>
    <subfield code="2">rdacontent</subfield>
  </datafield>
  <datafield tag="337" ind1=" " ind2=" ">
    <subfield code="a">unmediated</subfield>
    <subfield code="b">n</subfield>
    <subfield code="2">rdamedia</subfield>
  </datafield>
  <datafield tag="338" ind1=" " ind2=" ">
    <subfield code="a">volume</subfield>
    <subfield code="b">nc</subfield>
    <subfield code="2">rdacarrier</subfield>
  </datafield>
  <datafield tag="500" ind1=" " ind2=" ">
    <subfield code="a">Includes index.</subfield>
  </datafield>
  <datafield tag="500" ind1=" " ind2=" ">
    <subfield code="a">Revision of: Essentials of pharmacology for health professions. [2019], 8th ed.</subfield>
  </datafield>
  <datafield tag="505" ind1="0" ind2=" ">
    <subfield code="a">Part 1. Introduction to pharmacological principles -- Consumer safety and drug regulations -- Drug names and references -- Sources and bodily effects of drugs -- Medication preparations and supplies -- Abbreviations and systems of measurement -- Safe dosage calculations -- Responsibilities and principles of drug administration -- Administration by the gastrointestinal route -- Administration by parenteral and other routes -- Poison control -- Part 2. Drug classifications -- Nutritional concepts of pharmacology -- Integumentary system medications -- Autonomic nervous system drugs -- Cardiovascular system medications -- Urinary system drugs -- Gastrointestinal drugs -- Respiratory system drugs and antihistamines -- Eye and ear medications -- Central nervous system drugs: analgesics, sedatives, and hypnotics -- Psychotropic medications, alcohol, drug abuse, and withdrawal treatment -- Musculoskeletal and anti-inflammatory -- Anticonvulsants, antiparkinsonian drugs, and agents for Alzheimer's disease -- Endocrine system drugs -- Reproductive system drugs -- Anti-infective drugs -- Antineoplastic drugs -- Age-related medication issues. </subfield>
  </datafield>
  <datafield tag="520" ind1=" " ind2=" ">
    <subfield code="a">"The ideal resource for those preparing for licensed practical nursing, medical assisting and other allied health careers, Colbert/James/Katrancha's ESSENTIALS OF PHARMACOLOGY FOR HEALTH PROFESSIONS, 9th Edition, delivers "need to know" drug information in a reader-friendly format that empowers students with the confidence to master pharmacology. A bestseller, it stresses clinical application to ensure readers understand the relevancy of the material and why it's important to learn. Giving instructors ultimate flexibility, Part I offers a comprehensive review of pharmacologic principles, while Part II covers specific drug classifications and their medical uses. Chapters organize drugs by classifications and include the purpose, side effects, interactions and cautions or contraindications. Medication preparation, supplies and route of administration are thoroughly covered as well"-- Amazon.com.</subfield>
  </datafield>
  <datafield tag="650" ind1=" " ind2="0">
    <subfield code="a">Pharmacology.</subfield>
  </datafield>
  <datafield tag="650" ind1=" " ind2="0">
    <subfield code="a">Pharmacology</subfield>
    <subfield code="v">Examinations, questions, etc.</subfield>
  </datafield>
  <datafield tag="650" ind1=" " ind2="0">
    <subfield code="a">Allied health personnel.</subfield>
  </datafield>
  <datafield tag="700" ind1="1" ind2=" ">
    <subfield code="a">James, Adam J.,</subfield>
    <subfield code="e">author.</subfield>
  </datafield>
  <datafield tag="700" ind1="1" ind2=" ">
    <subfield code="a">Katrancha, Elizabeth D.,</subfield>
    <subfield code="e">author.</subfield>
  </datafield>
  <datafield tag="906" ind1=" " ind2=" ">
    <subfield code="a">7</subfield>
    <subfield code="b">cbc</subfield>
    <subfield code="c">orignew</subfield>
    <subfield code="d">2</subfield>
    <subfield code="e">epcn</subfield>
    <subfield code="f">20</subfield>
    <subfield code="g">y-gencatlg</subfield>
  </datafield>
  <datafield tag="942" ind1=" " ind2=" ">
    <subfield code="2">ddc</subfield>
    <subfield code="c">BK</subfield>
    <subfield code="e">23</subfield>
    <subfield code="h">615.1076</subfield>
    <subfield code="i">C671e</subfield>
    <subfield code="k">NUR</subfield>
    <subfield code="m">2023</subfield>
    <subfield code="n">0</subfield>
  </datafield>
  <datafield tag="952" ind1=" " ind2=" ">
    <subfield code="0">0</subfield>
    <subfield code="1">0</subfield>
    <subfield code="2">ddc</subfield>
    <subfield code="4">0</subfield>
    <subfield code="7">0</subfield>
    <subfield code="a">CSPC</subfield>
    <subfield code="b">CSPC</subfield>
    <subfield code="c">NUR</subfield>
    <subfield code="d">2026-03-28</subfield>
    <subfield code="l">0</subfield>
    <subfield code="o">NUR 615.1076 C671e 2023</subfield>
    <subfield code="p">031550</subfield>
    <subfield code="r">2026-03-28 14:21:48</subfield>
    <subfield code="t">1-1</subfield>
    <subfield code="w">2026-03-28</subfield>
    <subfield code="y">BK</subfield>
  </datafield>
  <datafield tag="999" ind1=" " ind2=" ">
    <subfield code="c">32197</subfield>
    <subfield code="d">32197</subfield>
  </datafield>
</record>
